000 00541nam a2200229Ia 4500
003 OSt
005 20220918225004.0
006 a|||||r|||| 00| 0
007 ta
008 220917b |||||||| |||| 00| 0 eng d
024 _a235,847
037 _cTextual
040 _aARTS
_cARTS
_beng
041 _2eng
_aeng
082 _aV6:19a, K8
245 0 _aCurrent bibliography on African affairs
260 _c1968
300 _a41p.
_ccm.
650 _aHISTORY
942 _hV6:19a, K8
_cTEXL
_2CC
999 _c282929
_d282929